000 00698nam a2200181Ia 4500
008 100921s9999 xx 000 0 und d
082 _b11793
_a922 थ 37
100 _aनारगोलकर वसंत.
245 _aसाम्ययेागी विनोबा.
260 _bभारतीय विद्याभवन,मुंबई.
_c1937
300 _a358
_b---
365 _b7
520 _aचरित्रे-धर्मनेते,संत.
630 _aसाम्ययेागी विनोबा.
650 _aचरित्रे-धर्मनेते,संत.
730 _aसाम्ययेागी विनोबा.
942 _cBOOK
999 _c760906
_d760903